Lengua III : (Registro nro. 9809)

Detalles MARC
000 -LEADER
fixed length control field 01561nam a2200325 a 4500
001 - CONTROL NUMBER
control field 000012903
003 - CONTROL NUMBER IDENTIFIER
control field DO-SdBNP
005 - DATE AND TIME OF LATEST TRANSACTION
control field 20180322135634.0
007 - PHYSICAL DESCRIPTION FIXED FIELD--GENERAL INFORMATION
fixed length control field 000012903
008 - FIXED-LENGTH DATA ELEMENTS--GENERAL INFORMATION
fixed length control field 091118s 2010 dr ac 000 0 spa d
020 ## - INTERNATIONAL STANDARD BOOK NUMBER
International Standard Book Number 9945400126
040 ## - CATALOGING SOURCE
Original cataloging agency BPMSU
Language of cataloging spa
Transcribing agency BPMSU
082 #4 - DEWEY DECIMAL CLASSIFICATION NUMBER
Classification number 373.61
100 1# - MAIN ENTRY--PERSONAL NAME
Personal name Sánchez, Olimpia
245 00 - TITLE STATEMENT
Title Lengua III :
Remainder of title segundo ciclo educación media /
Statement of responsibility, etc. Olimpia Sánchez, Juan Fco. Jáspez ; ilustraciones Ramón L. Sandoval.
260 ## - PUBLICATION, DISTRIBUTION, ETC. (IMPRINT)
Place of publication, distribution, etc. Santo Domingo :
Name of publisher, distributor, etc. Actualidad Escolar 2000,
Date of publication, distribution, etc. 2010
300 ## - PHYSICAL DESCRIPTION
Extent 260p. :
Other physical details il. ;
Dimensions 29 cm.
500 ## - GENERAL NOTE
General note La Biblioteca posee la Guía metodológica del segundo ciclo educación media
505 0# - FORMATTED CONTENTS NOTE
Miscellaneous information v. 3 : segundo ciclo
Title De lo que pasó un mozo que se casó con una mujer fuerte brava
-- ¿Cómo prevenir las causas que determinan una crisis económica?
-- Después de todo quizás seamos hermanos
-- La literatura ¿para qué?
-- El doctor zhivago
-- RD pasará sin trauma el reto del libre comercio
-- El destino manifiesto
-- América
-- La soledad de América Latina
-- Los tres que echaron a Pedro en el pozo
-- Como si siempre les preocupara algo
-- La República entre yerros y complicidades
650 ## - SUBJECT ADDED ENTRY--TOPICAL TERM
Topical term or geographic name as entry element GRAMÁTICA
General subdivision ENSEÑANZA SECUNDARIA
650 ## - SUBJECT ADDED ENTRY--TOPICAL TERM
Topical term or geographic name as entry element EDUCACIÓN SECUNDARIA
General subdivision REPÚBLICA DOMINICANA
650 ## - SUBJECT ADDED ENTRY--TOPICAL TERM
Topical term or geographic name as entry element GRAMÁTICA
General subdivision LIBROS DE TEXTO
650 ## - SUBJECT ADDED ENTRY--TOPICAL TERM
Topical term or geographic name as entry element GRAMÁTICA
651 ## - SUBJECT ADDED ENTRY--GEOGRAPHIC NAME
General subdivision ESTUDIOS Y EJERCICIOS
700 1# - ADDED ENTRY--PERSONAL NAME
Personal name Jáspez, Juan Fco.
700 12 - ADDED ENTRY--PERSONAL NAME
Personal name Sandoval, Ramón L.
Relator term il.
942 ## - ADDED ENTRY ELEMENTS (KOHA)
Source of classification or shelving scheme Dewey Decimal Classification
Koha item type Libros
945 ## - LOCAL PROCESSING INFORMATION (OCLC)
a inventariado, 2018 / dg
956 ## - LOCAL ELECTRONIC LOCATION AND ACCESS (OCLC)
Host name VMATEO
Access number 10
Compression information 20150813
Logon BPMSU
Processor of request 00151
Existencias
Withdrawn status Lost status Source of classification or shelving scheme Damaged status Not for loan Collection code Home library Current library Date acquired Source of acquisition Total Checkouts Full call number Barcode Date last seen Price effective from Koha item type Copy number
    Dewey Decimal Classification     Colección Escolar Biblioteca Pública Metropolitana Salomé Ureña Biblioteca Pública Metropolitana Salomé Ureña 04/18/2016 Donación   373.61 BPMSU16040504 04/18/2016 04/18/2016 Libros  
    Dewey Decimal Classification     Colección Escolar Biblioteca Pública Metropolitana Salomé Ureña Biblioteca Pública Metropolitana Salomé Ureña 04/18/2016 Donación   373.61 BPMSU16040505 04/18/2016 04/18/2016 Libros e. 2